The NHBC guarantee scheme (Record no. 80600)

MARC details
000 -LEADER
fixed length control field 00890cab a22001935a 4500
001 - CONTROL NUMBER
control field L144810
008 - FIXED-LENGTH DATA ELEMENTS--GENERAL INFORMATION
fixed length control field 080811e20080723xxko f 000 0 eng d
035 ## - SYSTEM CONTROL NUMBER
System control number (Sirsi) u144810
041 0# - LANGUAGE CODE
Language code of text/sound track or separate title eng
100 1# - MAIN ENTRY--PERSONAL NAME
Personal name Brewer, Geoff
245 04 - TITLE STATEMENT
Title The NHBC guarantee scheme
260 ## - PUBLICATION, DISTRIBUTION, ETC.
Date of publication, distribution, etc. 2008
490 ## - SERIES STATEMENT
Series statement Contract Journal
Volume/sequential designation 444(6685) 23 July 2008, 33(1)
520 ## - SUMMARY, ETC.
Summary, etc. Article discusses disputes arising under the National House Building Council (NHBC) guarantee scheme and explains that in the event of a dispute between a builder and house owner, the parties involved will have to decide upon a dispute resolution process. There is no arbitration agreement applicable to the house owner contained in the NHBC warranty document.
650 24 - SUBJECT ADDED ENTRY--TOPICAL TERM
Topical term or geographic name entry element CREST NICHOLSON (EASTERN) LIMITED V MR AND MRS WESTERN
651 #4 - SUBJECT ADDED ENTRY--GEOGRAPHIC NAME
Geographic name United Kingdom
Chronological subdivision
690 ## - LOCAL SUBJECT ADDED ENTRY--TOPICAL TERM (OCLC, RLIN)
Topical term or geographic name as entry element PROPERTY-RESIDENTIAL PROPERTY-HOUSING
942 ## - ADDED ENTRY ELEMENTS (KOHA)
Suppress in OPAC 0
Holdings
Withdrawn status Lost status Source of classification or shelving scheme Damaged status Not for loan Home library Current library Shelving location Date acquired Total Checkouts Full call number Barcode Date last seen Copy number Price effective from Koha item type
    Dewey Decimal Classification     London London Journal article 11/08/2008   L144810 144810-1001 06/08/2019 1 06/08/2019 Journal article